I tentativi di rientro in Transilvania della regina Isabella Jagellone 1552-53 /

Elmentve itt :
Bibliográfiai részletek
Szerzők: Németh G.
Papo Adriano
Dokumentumtípus: Cikk
Megjelent: 2018
Sorozat:Mediterrán tanulmányok 27
Kulcsszavak:Izabella - Magyarország : királyné, Jagello-ház, Erdély története - 16. sz.
Online Access:http://acta.bibl.u-szeged.hu/56956
LEADER 00727nab a2200193 i 4500
001 acta56956
005 20260224081030.0
008 190130s2018 hu o 000 hun d
022 |a 0238-8308 
040 |a SZTE Egyetemi Kiadványok Repozitórium  |b hun 
041 |a hun 
100 1 |a Németh G. 
245 1 0 |a I tentativi di rientro in Transilvania della regina Isabella Jagellone   |h [elektronikus dokumentum] :  |b 1552-53 /  |c  Németh G. 
260 |c 2018 
300 |a 5-24 
490 0 |a Mediterrán tanulmányok  |v 27 
695 |a Izabella - Magyarország : királyné, Jagello-ház, Erdély története - 16. sz. 
700 0 1 |a Papo Adriano  |e aut 
856 4 0 |u http://acta.bibl.u-szeged.hu/56956/1/mediterran_027_005-024.pdf  |z Dokumentum-elérés